000 00532nam a2200193 a 4500
001 9182
003 CO-ViMGA
008 141112s2004 ck r 000 u spa d
040 _aCO-ViMGA
_bspa
_cCO-ViMGA
082 0 4 _a351.7 R436
100 1 _aRestrepo ; Juan Camilo,
_94229
245 1 0 _aHacienda pública
260 _aBogotá :
_bUniversidad Externado de Colombia,
_c1999
300 _a379p.
650 1 4 _aBIENES COLECTIVOS
_99682
650 1 4 _aGASTOS PUBLICOS
_99683
650 1 4 _aTRIBUTOS PRESUPUESTOS
_99684
942 _2ddc
_cBK
999 _c20723
_d20723